Responses for Show #5902 - Tuesday, April 20, 2010

Contestants

[<< previous game]

Rick Reed, an electrical engineer from Charlottesville, Virginia

Amy Wilson, a creative writing and women's studies student originally from Portland, Oregon

Ken Starnes, a telecommunications consultant from Little Rock, Arkansas (whose 1-day cash winnings total $21,800)

[next game >>]

Jeopardy! Round responses

NATIVE AMERICANS
2009 MLB RECAP
DUMB CRIMINALS
LITERARY AWARDS
BAKING BRANDS
A LONE PRIVATE "I"
(Alex: The letter I will be the only vowel you will find in each correct response. It may appear once, maybe more than once.)
    $200 1
Sitting Bull

Ken
    $200 13
the New York Yankees

Triple Stumper
    $200 6
Facebook

Ken
    $200 15
Lincoln

Amy
    $200 11
Betty Crocker

Amy
    $200 23
Dick

Rick
    $400 2
Crazy Horse

Ken
    $400 14
Manny Ramirez

Rick
    $400 7
Taco Bell

Rick
    $400 16
the Nobel Prize for Literature

Rick
    $400 12
Arm & Hammer

Ken
    $400 24
(Alex: Yes, with a minute to go.)

hindsight

Rick
    $600 3
the Seminoles

Ken
    $600 18
Mike Scioscia

Ken
    $600 8
Craigslist

Ken
    $600 17
Pillsbury

Ken
    $800 4
Pontiac

Triple Stumper
    $800 19
a triple play

Ken
    $800 9
Home Depot

Ken
    $3,000 28
(Rick: What is Harry Truman?)
(Alex: No. He was born in St. Louis, and the author's name--)
(Rick: Samuel Clemens?)
(Alex: No. [*].)
[The end-of-round signal sounds.]

Thomas Stearns Eliot (T.S. Eliot)

Rick
    $800 21
(Rick: What is Gold Seal?)

Gold Medal

KenRick
    $800 25
civil

Amy
    $1000 5
a ghost dance

Rick
    $1000 20
the Minnesota Twins

Ken
    $1000 10
Georgia

Rick
    $1000 27
the Newbery

Rick
    $1000 22
Toll House

Amy
    $1000 26
Brink's

Amy

Scores at the first commercial break (after clue 15):

Ken Amy Rick
$3,200 $400 $2,800

Scores at the end of the Jeopardy! Round:

Ken Amy Rick
$7,000 $3,200 $1,000

Double Jeopardy! Round responses

BIBLICAL IMPERSONATORS
SHAKESPEARE RETOOLED
LIKE A HURRICANE
NEWSPAPER NAMES
THE LIFE & REIGN OF CHARLES I
"CHOP!"
    $400 1
(Ken: Who is Gabriel?)

the devil (Satan)

KenAmy
    $400 20
King Lear

Amy
    $400 11
tornadoes

Ken
    $400 5
the Post

Ken
    $400 4
Albany

Rick
    $400 9
chopsticks

Ken
    $800 2
Joshua

Amy
    $800 21
The Tempest

Amy
    $800 12
five

Ken
    $800 16
Herald

Ken
    $800 6
Oxford

Ken
    $800 25
a chop-block

Ken
    $1200 3
David

Ken
    $1200 22
The Taming of the Shrew

Amy
    $1200 13
atmospheric pressure

Rick
    $2,500 17
the Enquirer

Ken
    $1200 7
Prince of Wales

Ken
    $1200 26
Deepak Chopra

Amy
    $1600 23
Shakespeare in Love (or Rosencrantz & Guildenstern Are Dead)

Amy
    $1600 14
the landfall

Ken
    $1600 18
the Star

Ken
    $1600 8
(Amy: What is Spain?)

France

AmyRick
    $1600 27
chop-socky

Triple Stumper
    $2000 29
[The end-of-round signal sounds.]

Leah

Amy
    $2000 24
(Alex: Less than a minute to go, now.)

Al Pacino

Ken
    $4,000 15
(Ken: What is centrifugal force?)

the Coriolis force (or Coriolis effect)

Ken
    $2000 19
the Sentinel

Rick
    $2000 10
Whitehall

Ken
    $2000 28
Schopenhauer

Triple Stumper

Scores at the end of the Double Jeopardy! Round:

Ken Amy Rick
$19,100 $10,000 $6,200

[wagering suggestions for these scores]

Final Jeopardy! Round responses

THE NATIONAL MUSEUM OF AMERICAN HISTORY
[ZergCam]
RickWhat is his his fpoofy sleeved shirt?
$4,000
AmyWhat is the puffy shirt?
$9,999
KenWhat is Superman's cape
$3,000
the puffy shirt

Final scores:

Ken Amy Rick
$16,100 $19,999 $10,200
2nd place: $2,000 New champion: $19,999 3rd place: $1,000

Game dynamics:

Coryat scores:

Ken Amy Rick
$21,800 $10,000 $9,200
26 R
(including 1 DD),
2 W
(including 1 DD)
13 R,
1 W
12 R,
2 W
(including 1 DD)

Combined Coryat: $41,000

[game clues] [game scores] [suggest correction]

Game tape date: 2010-02-02
The J! Archive is created by fans, for fans. Scraping, republication, monetization, and malicious use prohibited; this site may use cookies and collect identifying information. See terms. The Jeopardy! game show and all elements thereof, including but not limited to copyright and trademark thereto, are the property of Jeopardy Productions, Inc. and are protected under law. This website is not affiliated with, sponsored by, or operated by Jeopardy Productions, Inc. Join the discussion at JBoard.tv.